Регионална библиотека "Любен Каравелов" - Русе

[Петдесет] 50-те светини, пред който се прекланя всеки българин (Запис номер 204512)

MARC детайли
000 -Лидер
Контролно поле с фиксирана дължина 01993nam a2200421 c 4500
003 - Код на организацията, давaща контролен номер
Контролно поле BLK
005 - Дата и час на последна редакция
Контролно поле 20250111121954.0
008 - Елементи от данни с фиксирана дължина
fixed length control field 180411b bul|||||r ||||||| ||bul||
010 ## - Наследен системен номер
LC control number KNG00214073000
020 ## - Международен стандартен номер на книга ISBN
Международен стандартен номер на книга ISBN 978-954-398-505-0
040 ## - Източник на каталожния запис
Идентификатор на билиотеката - собственик на записа BLK
041 ## - Код за език
Код за езика на текст/звукозапис или на отделно заглавие Български
Код за езика КДБФ Български
072 #7 - Код за тематичната категория
Код организация bullib
Код за тематична категория Н92
Текст История Н
080 ## - УДК
Текстов определител УДК Паметници на културата на историческите периоди. Археологическите паметници. Старини
УДК код - определител по УДК 904
УДК определител (497.2)
УДК - код + определител 904(497.2)
139 ## - Редно поле
Редна дума [Петдесет] 50-те светини, пред който се прекланя всеки българин
Авторски знак Пет - П 41
245 10 - Сведения за заглавието
Заглавие [Петдесет] 50-те светини, пред който се прекланя всеки българин
Подзаглавни данни Помагало за ученици, учители и родители
Редно поле (дума) ред. Надежда Йорданова Делева.
257 ## - Страна на издаване
Страна на създаване/издаване България
260 ## - Област на издателските данни
Име на издателя, разпространителя и проч. Труд
Година на издаване 2017
Печатница В. Търново : Абагар
300 ## - Физическа характеристика
Страници 157 с.
Илюстрации и др. с ил., ноти, факс.
Размери/Мащаб 22 см
380 ## - Жанр
Жанр История
500 ## - Общи забележки
Забележка Името на ред. отбелязано в изд. каре.
650 #4 - Допълнително описание по предмет – тема
Основно описание – тема или топоним Културно-историческо наследство - България
9 (RLIN) 335838
653 ## - Ключова дума – ненормативна
Ключова дума реликви
653 ## - Ключова дума – ненормативна
Ключова дума паметници
653 ## - Ключова дума – ненормативна
Ключова дума църкви
653 ## - Ключова дума – ненормативна
Ключова дума манастири
653 ## - Ключова дума – ненормативна
Ключова дума книжовно наследство
653 ## - Ключова дума – ненормативна
Ключова дума национални символи
659 ## - Тематичен бюлетин
Тематичен бюлетин Н
700 1# - Други автори (авторска отговорност)
Лично име Делева, Надежда Йорданова
Дати, свързани с автора 1978-
Друга информация Книгоиздател. Превежда от английски език.
Звания и думи, свързани с автора Делева, Надежда ; Йорданова, Надежда
9 (RLIN) 59531
852 ## - Местоположение
Форматна сигнатура Цб 288000
856 4# - Електронен адрес и достъп
Електронен формат pdf - файл
856 4# - Електронен адрес и достъп
Електронен формат pdf - файл
999 ## - СИСТЕМНИ КОНТРОЛНИ НОМЕРА
Koha biblionumber 204512
Koha biblioitemnumber 204512
942 ## - АРТИКУЛИ
Вид на библиотечния материал Книги
Скрит в OPAC Не
Koha issues (borrowed), all copies 7
944 ## - СЪЗДАВАНЕ И РЕДАКЦИЯ на ЗАПИСА
Създаване/Редакция Създаване
Дата на регистрацията/редакция 10.11.2017
Служител, извършил регистрацията/редакцията 30575
Статус, дата на статуса Мартин Енчев
944 ## - СЪЗДАВАНЕ И РЕДАКЦИЯ на ЗАПИСА
Създаване/Редакция Редакция
Дата на регистрацията/редакция 02.01.2018
Служител, извършил регистрацията/редакцията Грета_Цуфелде
999 ## - СИСТЕМНИ КОНТРОЛНИ НОМЕРА
Koha biblioitemnumber 204512
Наличности
Код за отписване Код за изгубен артикул Източник на класификационната схема Код за повреда Коз за рестрикции Код за отдаване Артикулен № Име на библиотеката - собственик Име на библиотеката, в която се намира в момента Статус (Текущо местоположение) Дата на вписване в системата Местоположение - отдел Цена в лева Инвентарен номер Систематично азбучна сигнатура Баркод Номер на екземпляра Цена в евро Служебна бележка Служебен тип на артикула
  Не е изгубен Universal Decimal Classification Не е повреден без рестрикции ползва се в читалня 352594 Регионална библиотека "Любен Каравелов" Русе Регионална библиотека "Любен Каравелов" Русе Хранилище 2017-11-14 Хранилище 9.00 120000816711 Цб 288000 120000816711 1 4.60 Дост: Dp Вид: Д N: 40 Дата: 04.09.2017 Книги
  Не е изгубен Universal Decimal Classification Не е повреден без рестрикции заемане за дома 677574 Регионална библиотека "Любен Каравелов" Русе Регионална библиотека "Любен Каравелов" Русе Детски отдел 2018-06-18 Детски отдел 9.00 120000821158 ДН 9/П 41 120000821158   4.60   Книги
  Не е изгубен Universal Decimal Classification Не е повреден без рестрикции заемане за дома 677575 Регионална библиотека "Любен Каравелов" Русе Регионална библиотека "Любен Каравелов" Русе Заемна - подръчен фонд 2018-06-18 Заемна - подръчен фонд 9.00 120000821157 П 904/П 41 120000821157   4.60   Книги
Vip Innovations Ltd, Rousse, Bulgaria 2025